00302nam a2200121Ia 4500008004100000041000800041082001200049100002100061245003300082260002900115300001900144999001700163241015s9999 xx 000 0 und d aeng a332 DEM aPaul H Dembinski aFinance: Servant Or Deceiver bPalgraveaNew Yorkc2009 a185;. P. 22 cm c41665d41665